00554nam a2200205Ia 450000500170000000800460001703700110006304000080007404000080008204000080009004100080009804100080010608400080011410000490012224500710017126000090024230000100025165000230026170000640028420260430150234.0008 250103s9999 xx 000 0 eng d aTheses aCRL beng ceng 2eng aeng qCRL aWason Sakshi Au.; Devadawson Christel R. Gu. 0aSurveillance and pictorial representation in postindependent India c2020 a235p. aEnglish Literature aUniversity of Delhi. Faculty of Arts. Depatment of English